Szczegóły MARC21

Friedrich Schillers "Wilhelm Tell", szenisch interpretiert /

003 -Nazwa inst., której nr kontr. jest w polu 001 [,]
    • @
    • Nazwa instytucji, której n kontrolny jest w polu 001
    • NUKAT
005 -DATA I CZAS OSTATNIEJ MODYFIKACJI [,]
    • @
    • pole kontrolne
    • 20241231102458.0
020 -Międzynarod. znormalizowany nr książki - ISBN [ , ]
    • a
    • Numer ISBN
    • 3123063801 Find
040 -Instytucja sporządzająca opis [ , ]
    • a
    • Instytucja, która sporządziła opis (NP)
    • SZCZ U/AB
    • b
    • Język katalogowania
    • pol
    • e
    • Zasady katalogowania
    • rda
    • c
    • Instytucja, która sporządziła rekord (NP)
    • SZCZ U/ABs
942 -Rodzaj dokumentu [ , ]
    • c
    • Rodzaj dokumentu
    • Książka
100 -Hasło główne - nazwa osobowa [1, ]
    • a
    • Nazwa osobowa (NP)
    • Scheller, Ingo.
    • e
    • Rodzaj współpracy
    • Autor
    • 9
    • KHW
    • 595645
245 -Strefa tytułu i oznaczenia odpowiedzialności [1,0]
    • a
    • Tytuł
    • Friedrich Schillers "Wilhelm Tell", szenisch interpretiert / Find
    • c
    • Pozostałe elementy strefy tytułu i oznaczenia odpowiedzialności (NP)
    • Ingo Scheller.
250 -Strefa wydania [ , ]
    • a
    • Oznaczenie wydania (NP)
    • 1. Auflage.
260 -Strefa adresu wydawniczego [ , ]
    • a
    • Miejsce wydania (P)
    • Stuttgart ;
    • a
    • Miejsce wydania (P)
    • Düsseldorf ;
    • a
    • Miejsce wydania (P)
    • Berlin ;
    • a
    • Miejsce wydania (P)
    • Leipzig :
    • b
    • Nazwa wydawcy (P)
    • Klett-Schulbuchverlag,
    • c
    • Data wydania (P)
    • © 1992.
300 -Strefa opisu fizycznego [ , ]
    • a
    • Określenie formy książki i/lub objętość (NP)
    • 144 strony :
    • b
    • Oznaczenie ilustracji (NP)
    • ilustracje ;
    • c
    • Format (NP)
    • 23 cm.
336 -Typ zawartości [ , ]
    • a
    • Termin opisujący typ zawartości
    • Tekst
    • b
    • Kod określający zawartość
    • txt
    • 2
    • Źródło (terminu i kodu)
    • rdacontent
337 -Typ mediów [ , ]
    • a
    • Tryb odtwarzania
    • Bez urządzenia pośredniczącego
    • b
    • Kod typu mediów
    • n
    • 2
    • Źródło (terminu i kodu)
    • rdamedia
338 -Typ/rodzaj nośnika [ , ]
    • a
    • Hasło opisujące typ nośnika
    • Wolumin
    • b
    • Kod typu nośnika
    • nc
    • 2
    • Źródło (terminu i kodu)
    • rdacarrier
380 -Deskryptor - Forma dzieła (P) [ , ]
    • a
    • forma dzieła (NP)
    • Dramat (rodzaj)
490 -Strefa serii i książki wielotomowej - forma nie do wyszukiwania [1, ]
    • a
    • Tytuł (P)
    • Werkstatt Literatur : Schulspiel Find
830 -Hasło dodatkowe serii i opisu książki wielotomowej - tytuł ujednolicony/tytuł [ ,0]
    • a
    • Tytuł ujednolicony/tytuł (NP)
    • Werkstatt Literatur
    • 9
    • KHW
    • 595646
500 -Uwaga ogólna [ , ]
    • a
    • Uwaga ogólna (NP)
    • Na 3. stronie okładki (wewnętrznej): Bildnachweis.
080 -Uniwersalna Klasyfikacja Dziesiętna [ , ]
    • a
    • Symbol klasyfikacji
    • 830-2=30
080 -Uniwersalna Klasyfikacja Dziesiętna [ , ]
    • a
    • Symbol klasyfikacji
    • :830.03=30
080 -Uniwersalna Klasyfikacja Dziesiętna [ , ]
    • a
    • Symbol klasyfikacji
    • :792.07=30
600 -Hasło przedmiotowe w formie nazwy osobowej [1,7]
    • a
    • Nazwa osobowa
    • Schiller, Friedrich
    • d
    • Daty związane z nazwą
    • (1759-1805).
    • t
    • Tytuł
    • Wilhelm Tell
    • 2
    • Źródło terminu
    • kaba
    • 9
    • KHW
    • 323939
600 -Hasło przedmiotowe w formie nazwy osobowej [1,7]
    • a
    • Nazwa osobowa
    • Schiller, Friedrich
    • d
    • Daty związane z nazwą
    • (1759-1805)
    • x
    • Określnik rzeczowy
    • krytyka i interpretacja.
    • 2
    • Źródło terminu
    • kaba
    • 9
    • KHW
    • 402120
655 -Hasło w funkcji tematu formalnego [ ,7]
    • a
    • Hasło
    • Dramat niemiecki
    • y
    • Określnik chronologiczny
    • 18 w.
    • 2
    • Źródło terminu
    • kaba
    • 9
    • KHW
    • 401791
980 -Symbol UKD [ , ]
    • a
    • UKD
    • 830-2:830.03:792.07]=30
710 -Hasło dodatkowe - nazwa ciała zbiorowego [2, ]
    • a
    • Nazwa ciała zbiorowego lub nazwa geograficzna jako pierwszy element (NP)
    • Ernst Klett Verlag (Stuttgart).
    • e
    • Rodzaj współpracy
    • Wydawca
    • 4
    • Kod relacji
    • pbl
    • 9
    • KHW
    • 83751
920 -ISBN [ , ]
    • a
    • ISBN
    • 3-12-306380-1 Find
Numer inwentarzowy Data inwentaryzacji Status udost. Sygnatura Lokalizacja
G.115641995-09-05-3Germ. Literaturozn.-Schiller 11BM